000
00267 a2200097 4500
001
35360
100
_a
Manko Howard H
245
_a
Soldering Handbook for Printer Circuits & Surface Mounting
260
_a
New York
_b
Van Nostrand Reinhold
_c
090
_c
23390
_d
23390
942
_a
NUST-CAE
_c
M
_c
14881
999
_c
270433
_d
270433